00573nam a2200193Ia 4500008004100000020000700041082001400048100002100062245003500083250000700118260003600125300002400161500000700185600003300192650001200225942000700237952012000244999001500364240925s9999 xx 000 0 und d aNA a531.2 LON aLong ,Robert R. 0aMechanics of Solids and Fluids aNA aLondon:bPrentice, Hallc,1963. a552p.bNAfOriginal aNA aHumanities & Natural Science aPhysics cBK 001040708HUMaUITUbUITUd1997-01-28eUIT Fruit Canadal0o531.2 LONpQ1360r2024-09-25 07:12:24w2024-09-25yBK c3859d3859